000 01019nam a22002897a 4500
001 BR0002808
003 BR-BrBNA
005 20230928100715.0
007 ta
008 230509b bl.||||| |||| 00| 0 por d
040 _aBR-BrBNA
_bpor
_cBiblioteca Nacional de Agricultura
041 _a(Por)
072 _aE14
090 _ E14 BR0002808
110 1 _aInstituto Nacional de Colonizacao e Reforma Agraria, Brasilia, DF (Brasil)
110 1 _aSecretaria de Desenvolvimento Rural, Brasilia, DF (Brasil)
_98738
245 1 _aAgricultura familiar, reforma agraria e desenvolvimento local para um novo mundo rural; politica de desenvolvimento rural com base na expansao da agricultura familiar e sua insercao no mercado
260 3 _aBrasilia, DF (Brasil):
_c1999.
300 _a47 p.
650 _aPolitica de Desenvolvimento
650 _aDesenvolvimento Rural
650 _aAgricultura Familiar
650 _aMercado
650 _aReforma Agraria
909 _a202309
_bLucia
_c55
_dLucia Elande
942 _cBK
999 _c62428
_d62428